Gaming Quiz

Random Gaming or Color Quiz

Monopoly (World) Quiz Stats

Quiz not verified by Sporcle

Also try: Pokémon (Gen II)
Challenge
Share
Tweet
Embed
Score 0/22 Timer 07:00
0 Plays Today
Color Property % Correct
RedNew York, United States of America
89.6%
RedLondon, England
88%
GreenParis, France
86.4%
L. BlueTokyo, Japan
84%
RedSydney, Australia
69.6%
OrangeRome, Italy
68.8%
YellowBeijing, China
66.4%
PurpleToronto, Canada
58.4%
D. BlueMontreal, Canada
53.6%
L. BlueBarcelona, Spain
52.8%
L. BlueAthens, Greece
52%
Color Property % Correct
OrangeShanghai, China
48.8%
PurpleIstanbul, Turkey
48%
YellowHong Kong, China
45.6%
OrangeVancouver, Canada
44%
GreenCape Town, South Africa
44%
YellowJerusalem, Israel
41.6%
PurpleKyiv, Ukraine
35.2%
D. BlueRiga, Latvia
34.4%
BrownTaipei, Taiwan
32%
GreenBelgrade, Serbia
20%
BrownGdynia, Poland
16.8%

You're not logged in!

Compare scores with friends on all Sporcle quizzes.
Sign Up with Email
OR
Log In

You Might Also Like...

Show Comments

Extras

Top Quizzes Today


Score Distribution

Your Account Isn't Verified!

In order to create a playlist on Sporcle, you need to verify the email address you used during registration. Go to your Sporcle Settings to finish the process.